000 00312nam a2200121Ia 4500
008 220216s9999 xx 000 0 und d
100 _aGandhi R V
245 0 _aReclaimed rubber: Immense potential remains untapped
260 _bRubber Asia
_c1994
300 _a51-54
650 _aReclaimed rubber
942 _cJS
999 _c66518
_d66518